000
00222 a2200097 4500
001
30760
100
_a
Schmid, P
245
_a
Beggars on golden Stool
260
_a
London
_b
Weidenfeld & Nicolson
_c
090
_c
20692
_d
20692
942
_a
NUST-CAE
_c
M
_c
11883
999
_c
265833
_d
265833